Malvinas : una causa regional justa /

Malvinas, una causa justa reúne quince artículos que fueron originalmente disertaciones del Foro Malvinas y las luchas por la soberanía en América Latina en el marco de la 8a Conferencia del Consejo Latinoamericano de Ciencias Sociales y del Primer Foro Mundial del Pensamiento Crítico. Este nuevo li...

Full description

Bibliographic Details
Corporate Authors: Foro Malvinas y las Luchas por la Soberanía en América Latina Argentina, Congreso de la Nación, Cámara de Diputados, JSTOR (Organization)
Format: Conference Proceeding eBook
Language:Spanish
Published: Ciudad de Buenos Aires, Argentina : CLACSO, [2020?]
Series:Colección Foros
Subjects:
Online Access:Connect to the full text of this electronic book

MARC

Tag First Indicator Second Indicator Subfields
LEADER 00000cam a2200000Mi 4500
001 in00004635237
006 m o d
007 cr |||||||||||
008 200902s2020 ag a ob 100 0 spa d
005 20230103223424.2
035 |a (OCoLC)on1192975388 
040 |a ARFGC  |b eng  |e rda  |c ARFGC  |d JSTOR  |d OCLCF  |d OCLCO  |d LIP  |d OCLCO 
020 |a 9789877225778  |q (electronic bk.) 
020 |a 9877225778  |q (electronic bk.) 
035 |a (OCoLC)1192975388 
037 |a 22573/ctv252tbtn  |b JSTOR 
050 4 |a KZ4041 
080 |a 341.238 
082 0 4 |a 341.26  |2 23 
049 |a TXAM 
111 2 |a Foro Malvinas y las Luchas por la Soberanía en América Latina  |n (8th :  |d 2018 :  |c Argentina, Congreso de la Nación, Cámara de Diputados),  |j author. 
245 1 0 |a Malvinas :  |b una causa regional justa /  |c Daniel Filmus (compilador) ; Carla Pitiot [and thirteen others]. 
264 1 |a Ciudad de Buenos Aires, Argentina :  |b CLACSO,  |c [2020?] 
300 |a 1 online resource (219 pages) :  |b illustrations. 
336 |a text  |b txt  |2 rdacontent 
337 |a computer  |b c  |2 rdamedia 
338 |a online resource  |b cr  |2 rdacarrier 
490 0 |a Colección Foros 
505 0 |a Malvinas, una causa regional justa / Karina Batthyány. -- Presentación / Daniel Filmus. -- Capítulo 1: La cuestión de las Islas Malvinas: entre el debate parlamentario y la política de Estado. -- Capítulo 2: Historia y lecturas sobre la disputa de soberanía de las Islas Malvinas. -- Capítulo 3: Diálogo por Malvinas, la agenda que viene. 
520 |a Malvinas, una causa justa reúne quince artículos que fueron originalmente disertaciones del Foro Malvinas y las luchas por la soberanía en América Latina en el marco de la 8a Conferencia del Consejo Latinoamericano de Ciencias Sociales y del Primer Foro Mundial del Pensamiento Crítico. Este nuevo libro de la colección FORO CLACSO una apuesta desde la política y las ciencias sociales para rescatar la memoria de las luchas que se llevaron adelante hasta ahora, (ij) pretende ser un aporte para iluminar con nuevas ideas y propuestas los caminos que debemos transitar para terminar definitivamente con el colonialismo en el mundo. De la presentación de Daniel Filmus. 
650 0 |a Sovereignty  |v Congresses. 
650 0 |a Self-determination, National  |z Latin America  |v Congresses. 
651 0 |a Latin America  |x Politics and government  |v Congresses. 
650 6 |a Souveraineté  |v Congrès. 
650 6 |a Droit des peuples à disposer d'eux-mêmes  |z Amérique latine  |v Congrès. 
651 6 |a Amérique latine  |x Politique et gouvernement  |v Congrès. 
650 7 |a Politics and government.  |2 fast  |0 (OCoLC)fst01919741 
650 7 |a Self-determination, National.  |2 fast  |0 (OCoLC)fst01111610 
650 7 |a Sovereignty.  |2 fast  |0 (OCoLC)fst01127379 
651 7 |a Latin America.  |2 fast  |0 (OCoLC)fst01245945 
655 7 |a Electronic books.  |2 local 
655 7 |a Conference papers and proceedings.  |2 fast  |0 (OCoLC)fst01423772 
710 2 |a JSTOR (Organization) 
856 4 0 |u https://www.jstor.org/stable/10.2307/j.ctv253f59z  |z Connect to the full text of this electronic book  |t 0 
955 |a JSTOR Open Access ebooks 
994 |a 92  |b TXA 
999 f f |s c6d2526b-a114-4f28-907e-cfb4a93e2f53  |i 79ce3b96-b8f4-4d4b-b195-6c2f6aab871d  |t 0 
952 f f |a Texas A&M University  |b College Station  |c Electronic Resources  |d Available Online  |t 0  |e KZ4041   |h Library of Congress classification 
998 f f |a KZ4041   |t 0  |l Available Online